Ricitos de oro : (Registro nro. 12282)

Detalles MARC
000 -LIDER
fixed length control field 00828nam a22002417a 4500
003 - IDENTIFICACDOR DE NÚMERO DE CONTROL
control field DO-SdBNP
005 - DATE AND TIME OF LATEST TRANSACTION
control field 20240515100738.0
008 - ELEMENTOS DE LONGITUD FIJA
fixed length control field 161205b 2005 sp a 00| 0 spa d
020 ## - ISBN
International Standard Book Number 8496412741
040 ## - FUENTE DE CATALOGACIÓN
Agencia que crea de manera original el registro BPMSU
Idioma de catalogación spa
Agencia que realiza la transcripción BPMSU
082 #4 - NÚMERO DE CLASIFICACIÓN DECIMAL DE DEWEY
Classification number A863.6
Item number S998r 2005
Edition number 22
110 1# - ASIENTO PRINCIPAL--NOMBRE CORPORATIVO
Nombre corporativo o de jurisdicción Szpunberg, Alberto,
Fecha de la reuni$oacute;n o de la firma del tratado 1940-
245 10 - MENCIÓN DE TITULO
Título Ricitos de oro :
Subtítulo basado en un cuento popular inglés /
Mención de responsabilidad adaptación Alberto Szpunberg ; ilustraciones Lancman Ink
246 14 - VARIACION DEL TÍTULO
Título propiamente dicho o título corto Ricitos de oro :
Subtítulo para leer , jugar y aprender
260 ## - PUBLICACIÓN, DISTRIBUCIÓN, ETC. (PIE DE IMPRENTA)
Lugar de publicación, distribución, etc Barcelona :
Nombre del editor, distribuidor, etc. Diario El País,
Fecha de publicación, distribución, etc 2005.
300 ## - DESCRIPCIÓN FÍSICA
Extensión 45 p. :
Otros detalles físicos il.,;
Dimensiones 20 cm.
490 0# - MENCIÓN DE SERIES
Mención de serie Cuentos infantiles,
Volume/sequential designation 20
590 0# - NOTA LOCAL
Texto de la nota local Inventariado, 2024/VM
650 #4 - ENCABEZAMIENTO DE MATERIA--TEMÁTICO
Término temático o nombre geográfico como elemento de entrada Cuentos infantiles argentinos
700 1# - ASIENTO SECUNDARIO -- NOMBRE PERSONAL
Nombre personal Ink, Lancman
Mención de responsabilidad ilustraciones
910 ## - VALIDACIÓN
Validación VMateo V. Control de calidad. BPMSU
942 ## - ADDED ENTRY ELEMENTS (KOHA)
Source of classification or shelving scheme Dewey Decimal Classification
Koha item type Libros
Existencias
Withdrawn status Lost status Source of classification or shelving scheme Damaged status Not for loan Collection code Home library Current library Date acquired Source of acquisition Total Checkouts Full call number Barcode Date last seen Price effective from Koha item type
    Dewey Decimal Classification     Colección Infantil General Biblioteca Pública Metropolitana Salomé Ureña Biblioteca Pública Metropolitana Salomé Ureña 12/05/2016 FUNDI   BPMSU CGI A863.6 S998r 2005 BPMSU16120127 12/05/2016 12/05/2016 Libros